Plantas, virus e insectos

Kaydedildi:
Detaylı Bibliyografya
Yazar: Esau, Katherine (Yazar)
Materyal Türü: Kitap
Dil:İspanyolca
Baskı/Yayın Bilgisi: Buenos Aires Universitaria 1966
Seri Bilgileri:Cuadernos de Eudeba, 153
Konular:
Etiketler: Etiketle
Etiket eklenmemiş, İlk siz ekleyin!

MARC

LEADER 00000nam a2200000 a 4500
001 UCR3663
003 CL-VaPUC
008 980130e19660000AG |||||||||||||||||spa|d
082 0 4 |a 581.1  |b ESA  |2 21 
100 0 |a Esau, Katherine  |e author  |9 402763 
245 1 0 |a Plantas, virus e insectos 
300 |a 102 p 
942 |c BK 
945 |d 19980130 00:00:00  |a jquezada 
260 |a Buenos Aires  |b Universitaria  |c 1966 
650 0 |a Fitopatología   |9 340456 
650 0 |a Enfermedades de las plantas  |9 259687 
650 0 |a Fisiología vegetal  |9 260158 
650 0 |a Virus vegetales  |9 358382 
583 |a last modification  |c 19980130 00:00:00  |k Rodrigo Vera 
490 0 |a Cuadernos de Eudeba, 153 
999 |c 266713  |d 266711